Statistics for 名字有五个汉字的12306可售票客运火车站有哪些?

Click here to take the quiz!

General Stats

  • This quiz has been taken 21 times
  • The average score is 6 of 13

Answer Stats

地理位置车站 (不含“站”字)% Correct
内蒙古呼和浩特东
90%
黑龙江齐齐哈尔南
85%
新疆乌鲁木齐南
85%
香港香港西九龙
80%
河南郑州航空港
70%
北京八达岭长城
60%
广东白云机场北
40%
广东深圳机场北
35%
贵州花溪大学城
25%
内蒙古苏尼特左旗
20%
内蒙古乌拉特前旗
20%
内蒙古扎赉诺尔西
15%
黑龙江横道河子东
10%

Score Distribution

Percentile by Number Answered

Percent of People with Each Score

Your Score History

You have not taken this quiz